000 00604nam a2200229Ia 4500
003 OSt
005 20220924125041.0
006 a|||||r|||| 00| 0
007 ta
008 220923b |||||||| |||| 00| 0 urd d
020 _c150
024 _a313295
037 _cTextual
040 _aARTS
_cARTS
_burd
041 _2urd
_aurd
082 _aO168,1M45:g, N6
245 0 _aShad Azimabadi
_b Chand mutale
260 _aPatna
_bkhuda Bakhsh Oriental Public Libarary India
_c1996
650 _aURDU POETRY
942 _hO168,1M45:g, N6
_cTEXL
_2CC
999 _c421542
_d421542